000 00310nam a22001217a 4500
020 _a9789351280002
082 _a628.23
_bMUT.GR
100 _aMuthukrishna Iyer. S
_9301
245 _aGreen Energy Sources And Future Energy Scenario
260 _aDelhi
_bkalpaz Publications
_c2014
300 _a214
942 _cBK
999 _c14233
_d14233